[Event "NED-ch U14 op"]
[Site "Borne"]
[Date "2019.08.08"]
[Round "6"]
[White "De Vries, Fabian"]
[Black "Dhaenens, Leon"]
[Result "1-0"]
[WhiteElo "1704"]
[BlackElo "1583"]
[PlyCount "61"]
[EventDate "2019.08.05"]
[EventType "swiss"]
[EventRounds "9"]
[EventCountry "NED"]
[SourceTitle "EXT 2020"]
[Source "ChessBase"]
[SourceDate "2019.10.17"]
[SourceVersion "1"]
[SourceVersionDate "2019.10.17"]
[SourceQuality "1"]

1. Nf3 c5 2. g3 b6 3. Bg2 Bb7 4. 0-0 Nf6 5. c4 e6 6. Nc3 a6 7. d4 cxd4 8. Nxd4 Bxg2 9. Kxg2 Qc7 10. Qd3 Be7 11. b3 0-0 12. Bb2 d6 13. Rfd1 Nbd7 14. Rac1 Rac8 15. Ba3 Rfd8 16. e4 Qb7 17. f3 Nc5 18. Qe3 Bf8 19. Bxc5 bxc5 20. Nde2 d5 21. cxd5 exd5 22. exd5 Nxd5 23. Qe4 Nxc3 24. Qxb7 Nxd1 25. Rxd1 Rxd1 26. Qxc8 Rd6 27. Kf2 Re6 28. Nc3 g6 29. Ne4 Rb6 30. Nxc5 a5 31. Nd7 1-0

[Event "NED-ch U14 op"]
[Site "Borne"]
[Date "2019.08.07"]
[Round "5"]
[White "De Jong, Mats"]
[Black "De Vries, Fabian"]
[Result "0-1"]
[WhiteElo "1356"]
[BlackElo "1704"]
[PlyCount "60"]
[EventDate "2019.08.05"]
[EventType "swiss"]
[EventRounds "9"]
[EventCountry "NED"]
[SourceTitle "EXT 2020"]
[Source "ChessBase"]
[SourceDate "2019.10.17"]
[SourceVersion "1"]
[SourceVersionDate "2019.10.17"]
[SourceQuality "1"]

1. d4 d5 2. c4 c6 3. Nf3 Nf6 4. Nc3 e6 5. Bg5 Nbd7 6. e3 Be7 7. Bd3 dxc4 8. Bxc4 b5 9. Bd3 a6 10. e4 Bb7 11. 0-0 0-0 12. Qc2 h6 13. Bxf6 Bxf6 14. e5 Be7 15. Ne4 Qb6 16. a3 c5 17. dxc5 Nxc5 18. b4 Nxd3 19. Qxd3 Rfd8 20. Qe2 a5 21. bxa5 Rxa5 22. Rfb1 Bxe4 23. Qxe4 Rxa3 24. h3 Rxa1 25. Rxa1 b4 26. Rb1 Bc5 27. Qc2 Rb8 28. Rb3 Ra8 29. Ne1 Ra1 30. Qe4 Bxf2+ 0-1